[Event "FRA-ch op-D"]
[Site "Nancy"]
[Date "2013.08.13"]
[Round "2"]
[White "Kneib, Bernard"]
[Black "Ottinger, Thomas"]
[Result "1-0"]
[WhiteElo "1486"]
[BlackElo "1399"]
[PlyCount "145"]
[EventDate "2013.08.11"]
[EventType "swiss"]
[EventRounds "11"]
[EventCountry "FRA"]
[SourceTitle "CBM 156 Extra"]
[Source "ChessBase"]
[SourceDate "2013.10.22"]
[SourceVersion "1"]
[SourceVersionDate "2013.10.22"]
[SourceQuality "1"]

1. d4 d5 2. Nf3 c6 3. e3 Nf6 4. c3 e6 5. Bd3 Nbd7 6. 0-0 Bd6 7. Nbd2 e5 8. dxe5 Nxe5 9. Nxe5 Bxe5 10. Nf3 Qc7 11. Nxe5 Qxe5 12. h3 h5 13. Re1 Bf5 14. f3 Bxh3 15. f4 Qe6 16. gxh3 Qxh3 17. Qe2 0-0-0 18. Qg2 Qxg2+ 19. Kxg2 Ne4 20. Kf3 f5 21. Re2 g5 22. fxg5 Nxg5+ 23. Kf4 Ne4 24. Bd2 b5 25. Rg1 Rdg8 26. Rxg8+ Rxg8 27. Be1 Rg4+ 28. Ke5 Kb7 29. Rh2 Ng3 30. Bxg3 Rxg3 31. Kf4 h4 32. Bxf5 Kb6 33. e4 dxe4 34. Bxe4 a6 35. Bf3 Rg1 36. Rxh4 Rf1 37. Ke3 Rc1 38. Rh2 Re1+ 39. Re2 Rg1 40. Rg2 Re1+ 41. Re2 Rg1 42. a3 a5 43. Kd2 Rg6 44. Kc2 c5 45. Be4 Re6 46. Kd3 Rd6+ 47. Kc2 b4 48. axb4 axb4 49. c4 Re6 50. b3 Kc7 51. Kd3 Kd6 52. Ra2 Kc7 53. Ra7+ Kb6 54. Ra8 Rh6 55. Rf8 Rh3+ 56. Rf3 Rh6 57. Rg3 Ka5 58. Ke3 Rh8 59. Kf4 Rh2 60. Ke5 Rh5+ 61. Bf5 Rh6 62. Be6 Kb6 63. Kd6 Rf6 64. Kd7 Rh6 65. Rd3 Rh5 66. Rd6+ Ka7 67. Rd3 Kb6 68. Kd6 Rg5 69. Rd5 Rg3 70. Rxc5 Rxb3 71. Rb5+ Ka7 72. Kc7 Ka6 73. Bc8+ 1-0

[Event "FRA-ch op-D"]
[Site "Caen"]
[Date "2011.08.19"]
[Round "4"]
[White "Kneib, Bernard"]
[Black "Wolfangel, Jocelyne"]
[Result "1-0"]
[WhiteElo "1498"]
[BlackElo "1438"]
[PlyCount "131"]
[EventDate "2011.08.16"]
[EventType "swiss"]
[EventRounds "9"]
[EventCountry "FRA"]
[SourceTitle "EXT 2012"]
[Source "ChessBase"]
[SourceDate "2011.11.24"]
[SourceVersion "1"]
[SourceVersionDate "2011.11.24"]
[SourceQuality "1"]

1. e4 d5 2. exd5 Qxd5 3. Nc3 Qd6 4. Nf3 Nf6 5. d4 a6 6. h3 b5 7. Ne2 Bb7 8. Ng3 e6 9. c3 Be7 10. Be2 0-0 11. 0-0 Nc6 12. Bg5 b4 13. Rb1 a5 14. Bxf6 Bxf6 15. Ne4 Qd8 16. Nxf6+ Qxf6 17. Re1 Rad8 18. Qc2 bxc3 19. bxc3 Ba8 20. Rb5 Rb8 21. Reb1 Rxb5 22. Rxb5 Rb8 23. Qb1 Qd8 24. Ng5 g6 25. Ne4 Kg7 26. f3 Rxb5 27. Qxb5 Qb8 28. Qxb8 Nxb8 29. Bb5 Bc6 30. Bxc6 Nxc6 31. a4 Nb8 32. Kf2 Nd7 33. Ke3 f5 34. Nd2 Nb6 35. Kd3 Nxa4 36. Nc4 Nb6 37. Nxa5 Nd5 38. g3 h5 39. h4 Kf6 40. Nc6 g5 41. c4 Nb6 42. hxg5+ Kxg5 43. Ne5 Kf6 44. Kc3 Ke7 45. Ng6+ Kf7 46. Nf4 Nd7 47. Nxh5 Kg6 48. Nf4+ Kf6 49. d5 exd5 50. Nxd5+ Ke6 51. Nxc7+ Kd6 52. Nb5+ Ke6 53. Nc7+ Kd6 54. Nb5+ Ke5 55. Nd4 Kf6 56. f4 Nc5 57. Ne2 Ne4+ 58. Kd4 Ke6 59. c5 Nf6 60. Nc3 Nh5 61. Ne2 Nf6 62. c6 Nd5 63. Kc5 Nc7 64. Nd4+ Kf6 65. Kd6 Ne8+ 66. Kd7 1-0

[Event "Cholet-C"]
[Site "Cholet"]
[Date "2011.03.10"]
[Round "8"]
[White "Rouault, Michel"]
[Black "Kneib, Bernard"]
[Result "1-0"]
[WhiteElo "1625"]
[BlackElo "1571"]
[PlyCount "47"]
[EventDate "2011.03.05"]
[EventType "tourn"]
[EventRounds "9"]
[EventCountry "FRA"]
[SourceTitle "EXT 2012"]
[Source "ChessBase"]
[SourceDate "2011.11.24"]
[SourceVersion "1"]
[SourceVersionDate "2011.11.24"]
[SourceQuality "1"]

1. d4 f5 2. g3 e6 3. Bg2 Nf6 4. Nf3 Be7 5. 0-0 0-0 6. c4 d6 7. Nc3 Nbd7 8. Re1 Nb6 9. b3 Qe8 10. e4 fxe4 11. Nxe4 Nxe4 12. Rxe4 Bd8 13. Bg5 Bf6 14. Bxf6 Rxf6 15. Qc2 Qf8 16. Ng5 h6 17. Nh3 Bd7 18. Rae1 Re8 19. Nf4 e5 20. dxe5 dxe5 21. Rxe5 Rxe5 22. Rxe5 Bf5 23. Qe2 Qf7 24. Re7 1-0

[Event "Cholet-C"]
[Site "Cholet"]
[Date "2011.03.09"]
[Round "7"]
[White "Belnou, Theo"]
[Black "Kneib, Bernard"]
[Result "1-0"]
[WhiteElo "1560"]
[BlackElo "1571"]
[PlyCount "83"]
[EventDate "2011.03.05"]
[EventType "tourn"]
[EventRounds "9"]
[EventCountry "FRA"]
[SourceTitle "EXT 2012"]
[Source "ChessBase"]
[SourceDate "2011.11.24"]
[SourceVersion "1"]
[SourceVersionDate "2011.11.24"]
[SourceQuality "1"]

1. e4 d6 2. d4 Nf6 3. Nc3 g6 4. Nf3 Bg7 5. Bf4 0-0 6. Qd2 Bg4 7. Be2 c5 8. d5 Nbd7 9. h3 Bxf3 10. Bxf3 a6 11. Bh6 Ne5 12. Be2 b5 13. Bxg7 Kxg7 14. f4 Nc4 15. Bxc4 bxc4 16. Qe2 Nh5 17. Qf2 a5 18. g4 Nf6 19. Qe2 Qb6 20. Rb1 Qa6 21. g5 Nh5 22. Qf3 e6 23. f5 exf5 24. exf5 Rae8+ 25. Kd2 f6 26. Rbe1 Re5 27. Rxe5 dxe5 28. Rg1 fxg5 29. Rxg5 Nf4 30. fxg6 Nxg6 31. Qg3 Qf6 32. Ne4 Qf4+ 33. Qxf4 exf4 34. Nxc5 Kf6 35. Ne4+ Ke7 36. d6+ Ke6 37. Rxa5 f3 38. Ke3 Rf4 39. Ng5+ Kxd6 40. Nxf3 Rf7 41. Nd2 Re7+ 42. Kd4 1-0

[Event "Syre Memorial op 33th"]
[Site "Issy les Moulineaux"]
[Date "2010.05.14"]
[Round "2"]
[White "Kneib, Bernard"]
[Black "Celerier, Eric"]
[Result "1-0"]
[WhiteElo "1542"]
[BlackElo "1739"]
[PlyCount "41"]
[EventDate "2010.05.13"]
[EventType "swiss"]
[EventRounds "6"]
[EventCountry "FRA"]
[SourceTitle "EXT 2011"]
[Source "ChessBase"]
[SourceDate "2010.11.26"]
[SourceVersion "1"]
[SourceVersionDate "2010.11.26"]
[SourceQuality "1"]

1. e4 c5 2. Nc3 Nc6 3. d3 d6 4. g3 g6 5. Bg2 Bg7 6. f4 e6 7. Nf3 Nge7 8. 0-0 0-0 9. Be3 Nd4 10. Qd2 Bd7 11. Nd1 Ba4 12. c3 Nc2 13. Rc1 Nxe3 14. Nxe3 Rc8 15. Nh4 Bc6 16. f5 exf5 17. exf5 Bxg2 18. Qxg2 Bh6 19. Rce1 Bxe3+ 20. Rxe3 Qb6 21. Rxe7 1-0